Joueurs Français au FC Barcelone (Mort subite) - Statistiques

Statistiques générales
  • Ce quiz a été pris 1 325 fois
  • Le résultat moyen est 10 sur 15
Answers on the Grid
Answers color-coded by a green-red scale on the quiz's grid according to % correct below.
Thierry Henry
Laurent Blanc
Jules Koundé
Antoine Griezmann
Ousmane Dembélé
Lucas Digne
Samuel Umtiti
Jérémy Mathieu
Eric Abidal
Lilian Thuram
Ludovic Giuly
Emmanuel Petit
Christophe Dugarry
Clément Lenglet
Philippe Christanval
Patrice Loko
Didier Deschamps
Maxime Bossis
Marcel Desailly
Just Fontaine
Eduardo Camavinga
Lucas Hernandez
Mike Maignan
Wissam Ben Yedder
N'Golo Kanté
Franck Ribéry
Florent Malouda
Nicolas Pallois
David Trezeguet
Eric Cantona
 
Statistiques - réponses
Réponse % Correct
Jules Koundé
89%
Ousmane Dembélé
89%
Antoine Griezmann
87%
Samuel Umtiti
87%
Thierry Henry
84%
Clément Lenglet
83%
Eric Abidal
79%
Jérémy Mathieu
76%
Lucas Digne
75%
Ludovic Giuly
61%
Lilian Thuram
53%
Emmanuel Petit
48%
Christophe Dugarry
44%
Laurent Blanc
42%
Philippe Christanval
27%
Aucun quiz correspondant
Distribution des résultats
% des personnes avec chaque résultat
Percentile par nombre de réponses
Votre historique - résultats
Vous n’avez pas pris ce quiz